|
|
|
|
| LEADER |
01269nam a2200337 a 4500 |
| 001 |
000405888 |
| 003 |
CZ BrMZK |
| 005 |
20240122092850.0 |
| 007 |
ta |
| 008 |
980817s1948 xr f cze d |
| 015 |
|
|
|a cnb000672040
|
| 035 |
|
|
|a (OCoLC)85428164
|
| 040 |
|
|
|a BOA001
|b cze
|
| 100 |
1 |
|
|a Blažíček, Oldřich J.
|q (Oldřich Jakub),
|d 1914-1985
|7 jz8000082
|4 com
|
| 245 |
1 |
0 |
|a Rokoko a konec baroku v Čechách /
|c Oldřich J. Blažíček
|
| 260 |
|
|
|a Praha :
|b Orbis,
|c 1948
|
| 300 |
|
|
|a 130, [III] s. :
|b 48 s. obr. příl. ;
|c 8°
|
| 490 |
1 |
|
|a Naše minulost ;
|v [sv.] 4
|
| 500 |
|
|
|a Vydala Matice česká
|
| 500 |
|
|
|a Obal navrhl J. Ficenec
|
| 500 |
|
|
|a Obálku navrhl J. Vondráček
|
| 710 |
2 |
|
|a Matice česká
|7 kn20020322422
|
| 830 |
|
0 |
|a Naše minulost
|0 s
|
| 856 |
4 |
1 |
|u https://digitalniknihovna.mlp.cz/uuid:24399D80-E60A-11DD-98F0-0030487BE43A
|y Digitalizovaný dokument
|
| 910 |
|
|
|a BOA001
|b 2-0193.011,4
|b PK-II-0022.936
|
| 920 |
|
|
|a 000671101
|
| 964 |
|
|
|a Barok pozdní - Čechy
|
| 964 |
|
|
|a Rokoko - Čechy
|
| 990 |
|
|
|a BK
|
| 996 |
6 |
|
|b 2619718871
|c 2-0193.011,4
|l MZK
|r Sklad / do 24 hodin
|n 25
|w 000405888
|u 000020
|a 1
|e BOA001
|j MZK50
|s P
|
| 996 |
7 |
|
|b 2619772693
|c 2-0193.011,4
|l MZK
|r Sklad / do 24 hodin
|n 29
|w 000405888
|u 000010
|a 1
|e BOA001
|j MZK50
|s A
|